[Event "Sachsen-ch U12 Girls"]
[Site "Sebnitz"]
[Date "2007.04.13"]
[Round "5"]
[White "Kunath, Kassandra"]
[Black "Schmaeschke, Teresa"]
[Result "0-1"]
[WhiteElo "759"]
[BlackElo "813"]
[PlyCount "94"]
[EventDate "2007.04.10"]
[EventType "swiss"]
[EventRounds "7"]
[EventCountry "GER"]
[SourceTitle "EXT 2008"]
[Source "ChessBase"]
[SourceDate "2007.11.25"]
[SourceVersion "1"]
[SourceVersionDate "2007.11.25"]
[SourceQuality "1"]

1. e4 e5 2. Nf3 Nc6 3. Bc4 Bc5 4. d3 h6 5. Be3 d6 6. Nc3 Bg4 7. h3 Bxf3 8. Qxf3 Nf6 9. a3 0-0 10. b4 Bxe3 11. fxe3 b6 12. 0-0 a5 13. b5 Na7 14. a4 c6 15. d4 cxb5 16. axb5 Rc8 17. Ra4 Qd7 18. Qg3 exd4 19. exd4 Nh5 20. Qh4 Nf6 21. e5 dxe5 22. dxe5 Nh7 23. Ne4 Rcd8 24. Nd6 Qc7 25. Nxf7 Rd7 26. Nd6+ Kh8 27. Rxf8+ Nxf8 28. Qg4 Qc5+ 29. Kh2 Qxe5+ 30. Qg3 Qe7 31. Nf5 Qf6 32. Bd3 Rf7 33. Rf4 Ne6 34. Qh4 Nxf4 35. Qxf6 Rxf6 36. Be4 Nxb5 37. c4 Nc3 38. Bc2 Re6 39. Nd4 Re7 40. Nc6 Re2 41. Nd4 Rxg2+ 42. Kh1 a4 43. Nf5 Nce2 44. Be4 Rg1+ 45. Kh2 g5 46. Nxh6 Rg3 47. Nf5 Rxh3# 0-1

[Event "Sachsen-ch U12 Girls"]
[Site "Sebnitz"]
[Date "2007.04.12"]
[Round "4"]
[White "Zimmermann, Elisa"]
[Black "Kunath, Kassandra"]
[Result "1-0"]
[WhiteElo "829"]
[BlackElo "759"]
[PlyCount "69"]
[EventDate "2007.04.10"]
[EventType "swiss"]
[EventRounds "7"]
[EventCountry "GER"]
[SourceTitle "EXT 2008"]
[Source "ChessBase"]
[SourceDate "2007.11.25"]
[SourceVersion "1"]
[SourceVersionDate "2007.11.25"]
[SourceQuality "1"]

1. e4 e5 2. Nf3 Nc6 3. Bc4 Bc5 4. Nc3 d6 5. d3 Nf6 6. 0-0 Bg4 7. Nd5 Nd4 8. Bg5 Nxf3+ 9. gxf3 Be6 10. Nxf6+ gxf6 11. Bxe6 fxe6 12. Bh4 d5 13. f4 exf4 14. Qh5+ Ke7 15. e5 Rg8+ 16. Kh1 d4 17. Bxf6+ Kf8 18. Bxd8 Rxd8 19. Qh6+ Ke7 20. Qxh7+ Kf8 21. Rg1 Ke8 22. Rxg8+ Bf8 23. Qg6+ Kd7 24. Qf7+ Kc6 25. Rxf8 Rd7 26. Qxe6+ Rd6 27. Qe8+ Rd7 28. Rf6+ Kd5 29. Qxd7+ Kc5 30. e6 c6 31. Rf5+ Kb6 32. Qxd4+ Kc7 33. Rf7+ Kc8 34. e7 Kc7 35. Qd8# 1-0